| 000 | 01724cam a2200361 a 4500 | ||
|---|---|---|---|
| 001 | 11920798 | ||
| 003 | OSt | ||
| 005 | 20211002094925.0 | ||
| 008 | 000224s2001 nyua b 001 0 eng | ||
| 010 | _a 00026288 | ||
| 020 | _a9788126519262 | ||
| 040 |
_aDLC _cDLC _dDLC |
||
| 050 | 0 | 0 |
_aQA273 _b.R56 2001 |
| 082 | 0 | 0 |
_a519.2/ROH _221 |
| 100 | 1 |
_aRohatgi, V. K., _d1939- _99261 |
|
| 245 | 1 | 3 | _aAn introduction to probability and statistics. |
| 250 |
_a2nd ed. / _bVijay K. Rohatgi, A.K. Md. Ehsanes Saleh. |
||
| 260 |
_aNew York : _bWiley, _cc2001. |
||
| 300 |
_axv, 716 p. : _bill. ; _c25 cm. |
||
| 440 | 0 |
_aWiley series in probability and statistics. _pTexts and references section _99262 |
|
| 500 | _aOriginally published: Introduction to probability theory and mathematical statistics. New York : Wiley, c1976, in series: Wiley series in probability and mathematical statistics. | ||
| 500 | _a"A Wiley-Interscience publication." | ||
| 504 | _aIncludes bibliographical references (p. 663-667) and indexes. | ||
| 650 | 0 |
_aProbabilities. _92312 |
|
| 650 | 0 |
_aMathematical statistics. _93113 |
|
| 700 | 1 |
_aSaleh, A. K. Md. Ehsanes. _99263 |
|
| 700 | 1 |
_aRohatgi, V. K., _d1939- _tIntroduction to probability theory and mathematical statistics. _99264 |
|
| 856 | 4 | 2 |
_3Publisher description _uhttp://www.loc.gov/catdir/description/wiley0310/00026288.html |
| 856 | 4 |
_3Table of Contents _uhttp://www.loc.gov/catdir/toc/onix06/00026288.html |
|
| 906 |
_a7 _bcbc _corignew _d1 _eocip _f20 _gy-gencatlg |
||
| 942 |
_2ddc _cBOOKS _n0 |
||
| 999 |
_c8642 _d8642 |
||